000 00446nam a22001457a 4500
003 OSt
082 _a664
_bFAR
088 _a582
100 _aFARHANA SHIRIN
_aMUBASHIR.K P
_aSAJEER.K
_aUMMUL ASNA.K
_aVISHNU PRASAD J R
_95499
245 _aULTRASOUND ASSISTED EXTRACTION OF THEOBROMINE FROM COCOA BEAN SHELL
260 _aTAVANUR
_bDEPARTMENT OF PROCESSING AND FOOD ENGINEERING
_c2023
300 _a73
700 _aSREEJA. R (GUIDE)
942 _cPR
999 _c17720
_d17720